Η Ευρώπη αντιμέτωπη με το φαινόμενο του ρατσισμού

Αποθηκεύτηκε σε:
Λεπτομέρειες βιβλιογραφικής εγγραφής
Συγγραφή απο Οργανισμό/Αρχή: Κίνηση Πολιτών κατά του Ρατσισμού
Μορφή: Βιβλίο
Γλώσσα:Greek
Δημοσίευση: Αθήνα : Παρασκήνιο, 1995
Θέματα:
Ετικέτες: Προσθήκη ετικέτας
Δεν υπάρχουν, Καταχωρήστε ετικέτα πρώτοι!

MARC

LEADER 00000nam a2200000 i 4500
001 1/2772
008 960227s1995 gre d
020 |a 960-7107-39-X 
035 |l 10014982 
040 |a GR-MY-UA  |b gre  |e aacr 
041 0 |a gre 
082 0 |a 305.80094 E 
245 1 2 |a Η Ευρώπη αντιμέτωπη με το φαινόμενο του ρατσισμού /  |c Κίνηση Πολιτών κατά του Ρατσισμού 
260 |a Αθήνα :   |b Παρασκήνιο,   |c 1995 
300 |a 125 σ. 
504 |a Περιέχει βιβλιογραφικές παραπομπές 
650 0 0 |a Race discrimination  |z Europe. 
650 0 0 |a Race discrimination  |x Law and legislation  |z Europe. 
650 0 0 |a Racism  |z Greece. 
710 2 |a Κίνηση Πολιτών κατά του Ρατσισμού. 
852 |a INST  |b LESVOS  |e 19960227  |h 305.80094 ΕΥΡ  |p 005100007145  |q 005100007145  |t BK  |y 0 
909 |a Λ  |b 043771